1729 1750 1695 1813 1874 1155 1418 1233 1346 1675 1572 1162 1285 1537 1087 1965 1097 1830 1183 1463 1721 1287 1948 1979 1441 1953 1055 1477 1759 1052 1528 1662 1732 1418 1133 1972 1499 1993 1780 1742 1625 1235 1810 1021 1728 1415 1090 1881 1568 1738 1180 1555 1969 1126 1519 1971 1562 1824 1919 1940 1919 1902 1432 1832 1081 1702 1279 1941 1805 1998 1936 1468 1174 1870 1137 1739 1164 1065 1422 1596 1467 1765 1554 1995 1774 1683 1960 1207 1442 1226 1887 1635 1606 1647 1597 1532 1540 1810 1002 BCNSPRNW ULIB Ver.6.0+V

เปลี่ยนเป็นภาษาไทย

Change to English
 แสดงรายละเอียดบรรณานุกรม
  กลับหน้าหลัก

Brief Record : Get Marc (ISO 2709) : E-mail record : QR code < ปิดหน้าต่าง
LEADER : 00000nam 2200000uu 4500
001    13399112683
003     ULIB
008    110627s2553||||th 000 0 tha d
060  4 QT255^bพ976ศ 2553
100 0  ไพฑูรย์ มาผิว
245 00 ศักยภาพของชุมชนในการสร้างเสริมการออกกำลังกายของผู้สูงอายุ ตำบลไผ่ล้อม อำเภอลับแล จังหวัดอุตรดิตถ์/^cไพฑูรย์ มาผิว
260    อุตรดิตถ์ :^bวิทยาลัยพยาบาลบรมราชชนนี อุตรดิตถ์,^c2553
300    102 หน้า
650  7 การออกกำลังกาย^xผู้สูงอายุ^xวิจัย
650  7 ผู้สูงอายุ^xวิจัย
945    ^p0^l0^i029219
995    ทศพร
999 ^a ใช้งานได้ทุกระบบ
รายการนี้ยังไม่มีแท็ก
คุณยังไม่ได้ล็อกอิน คุณสามารถมีกิจกรรมร่วมกับเว็บไซต์ได้ แต่ต้องล็อกอินก่อน ::
  ล็อกอิน

รายการสื่อสารสนเทศ

ลำดับที่ ประเภท เลขเรียก/บาร์โค้ด สถานที่ สถานะ
- ไม่พบข้อมูล -

BibComment


ยังไม่เคยถูกคอมเมนท์

คอมเมนท์ทรัพยากรรายการนี้
  คอมเมนท์: ศักยภาพของชุมชนใน..


 Copyright 2026. Bcnsprnw @Library